| 000 | 00628nam a2200229 a 4500 | ||
|---|---|---|---|
| 001 | BRCA_5930 | ||
| 005 | 20190320205251.0 | ||
| 008 | 220311s18------fr-#######---#000-0#fre-# | ||
| 041 | _afre | ||
| 044 | _afr | ||
| 050 | 4 |
_aPQ2511 _b.N3 |
|
| 245 | 1 | 0 |
_aNantas. Pour une nuit d´amour. La mort d´Olivier Becaille. Madame Neigeon. _cEmile Zola |
| 260 |
_aParis _bE. Flammarion _c(18--?) |
||
| 300 |
_a248 p. _c17 cm. |
||
| 500 | _aH161 | ||
| 650 | 1 | 4 |
_aLiteratura francesa _914981 |
| 740 | 0 | _aPour une nuit d´amour. | |
| 740 | 0 | _aLa mort d`Oliver Becaille. | |
| 740 | 0 | _aMadame Neigon. | |
| 902 | _aGFM | ||
| 942 |
_2lcc _cB |
||
| 999 |
_c5619 _d5619 |
||